NPB2024シーズン 12球団チーム内成績1位の選手(セリーグ編) - Statistics

General Stats
  • This quiz has been taken 750 times
  • The average score is 48 of 59
Answer Stats
Answer % Correct
本塁打 岡本 和真 27
98%
打点 岡本 和真 83
98%
打率 近本 光司 285
95%
安打 近本 光司 160
95%
盗塁 近本 光司 19
95%
打点 牧 秀悟 74
95%
安打 牧 秀悟 152
95%
本塁打 村上 宗隆 33
95%
打点 村上 宗隆 86
95%
本塁打 森下 翔太 16
93%
打点 森下 翔太 73
93%
打率 オースティン 316
91%
本塁打 オースティン 25
91%
奪三振 戸郷 翔征 156
91%
セーブ 大勢 29
91%
防御率 菅野 智之 1.67
89%
勝利 菅野 智之 15
89%
防御率 東 克樹 2.16
88%
勝利 東 克樹 13
88%
奪三振 東 克樹 140
88%
打率 細川 成也 292
86%
本塁打 細川 成也 23
86%
打点 細川 成也 67
86%
安打 細川 成也 156
86%
打率 吉川 尚輝 287
85%
安打 吉川 尚輝 154
85%
盗塁 吉川 尚輝 12
85%
防御率 才木 浩人 1.83
85%
勝利 才木 浩人 13
85%
奪三振 才木 浩人 137
85%
防御率 高橋 宏人 1.38
85%
勝利 高橋 宏人 12
85%
奪三振 高橋 宏人 130
85%
セーブ 岩崎 優 23
84%
打率 サンタナ 315
83%
安打 長岡 秀樹 183
83%
セーブ マルティネス 43
81%
打点 小園 海斗 61
80%
盗塁 小園 海斗 13
80%
防御率 大瀬良 大地 1.86
80%
奪三振 大瀬良 大地 98
80%
盗塁 岡林 勇希 10
79%
打率 秋山 翔吾 289
77%
安打 秋山 翔吾 158
77%
セーブ 栗林 良吏 38
77%
本塁打 坂倉 将吾 12
74%
盗塁 梶原 昂希 16
72%
ホールド 桐敷 拓馬 40
71%
セーブ 森原 康平 29
71%
勝利 床田 寛樹 11
71%
ホールド 松山 晋也 41
67%
ホールド 伊勢 大夢 18
61%
ホールド 島内 颯太郎 24
61%
奪三振 吉村 貢司郎 114
55%
ホールド バルドナード 26
52%
盗塁 西川 遥輝 10
49%
勝利 大西 広樹 9
45%
ホールド 大西 広樹 23
45%
セーブ 小澤 怜史 11
37%
No matching quizzes found
Score Distribution
Percent of People with Each Score
Percentile by Number Answered
Your Score History
You have not taken this quiz